Vplyv krízy na medzinárodný obchod diplomová práca

Enregistré dans:
Détails bibliographiques
Auteur principal: Tomaščíková, Zuzana
Collectivité auteur: Obchodná fakulta EU. Katedra medzinárodného obchodu
Autres auteurs: Knapik, Peter
Format: Livre
Langue:slovaque
Publié: Bratislava 2013
Tags: Ajouter un tag
Pas de tags, Soyez le premier à ajouter un tag!

MARC

LEADER 00000nbm a2200000 4500
001 0169554
005 20161109102311.7
041 0 |a slo 
044 |a SK 
245 1 0 |a Vplyv krízy na medzinárodný obchod  |b diplomová práca  |c Zuzana Tomaščíková ; školiteľ: Peter Knapik 
264 1 |a Bratislava  |c 2013 
300 |a 78 s. 
100 1 |a Tomaščíková, Zuzana 
700 1 |a Knapik, Peter 
710 2 |a Obchodná fakulta EU. Katedra medzinárodného obchodu